高速道路ナンバリング付与路線 - Statistics

General Stats
  • This quiz has been taken 547 times
  • The average score is 70 of 201
Answer Stats
番号 路線名 % Correct
E1 東名高速道路
96%
E1 名神高速道路
92%
E1A | E52 | E69 新東名高速道路
92%
E4 | E46 | E48 東北自動車道
92%
E2 山陽自動車道
90%
E1A 新名神高速道路
86%
E29 | E2A | E73 | E74 中国自動車道
86%
E3 九州自動車道
86%
E8 北陸自動車道
83%
E9 山陰自動車道
82%
E19 | E20 | E52 | E68 中央自動車道
79%
E6 常磐自動車道
76%
E17 関越自動車道
75%
E1A 伊勢湾岸自動車道
73%
C4 | E66 首都圏中央連絡自動車道
72%
E46 | E7 秋田自動車道
67%
E5 道央自動車道
66%
E10 | E78 東九州自動車道
63%
E11 | E32 徳島自動車道
63%
E19 長野自動車道
63%
E48 山形自動車道
63%
E34 長崎自動車道
62%
E11 高松自動車道
61%
E32 | E56 高知自動車道
61%
C3 東京外環自動車道
60%
E11 | E56 松山自動車道
58%
E45 | E6 三陸自動車道
57%
E18 上信越自動車道
57%
E38 | E61 道東自動車道
55%
CA 東京湾アクアライン
55%
E26 阪和自動車道
54%
E34 大分自動車道
54%
E49 磐越自動車道
54%
E50 北関東自動車道
54%
E4A 八戸自動車道
53%
E29 鳥取自動車道
53%
E4A 青森自動車道
51%
E25 名阪国道
51%
E41 | E67 東海北陸自動車道
51%
E10 宮崎自動車道
50%
E24 京奈和自動車道
50%
E52 中部横断自動車道
50%
E7 日本海東北自動車道
49%
E23 東名阪自動車道
49%
E58 沖縄自動車道
49%
E23 伊勢自動車道
48%
E27 舞鶴若狭自動車道
48%
E51 東関東自動車道
47%
E73 岡山自動車道
47%
E76 西瀬戸自動車道
47%
E14 京葉道路
46%
E25 西名阪自動車道
46%
E26 | E42 近畿自動車道
46%
E28 神戸淡路鳴門自動車道
46%
E35 西九州自動車道
46%
E67 中部縦貫自動車道
45%
E88 京滋バイパス
45%
E5A 札樽自動車道
44%
E74 広島自動車道
44%
C3 東海環状自動車道
44%
C2 名古屋第二環状自動車道
43%
E9 京都縦貫自動車道
42%
E13 東北中央自動車道
42%
E2A 関門橋
41%
E73 米子自動車道
40%
E74 浜田自動車道
40%
E3A 南九州自動車道
39%
E54 松江自動車道
39%
E14 館山自動車道
38%
E69 三遠南信自動車道
36%
E30 瀬戸中央自動車道
35%
E89 第二京阪道路
34%
E6 仙台東部道路
33%
E16 横浜横須賀道路
33%
E83 第三京浜道路
33%
E54 尾道自動車道
31%
E29 播磨自動車道
29%
E2 広島岩国道路
28%
E2 山口宇部道路
28%
E85 小田原厚木道路
28%
E6 仙台北部道路
27%
E48 仙台南部道路
27%
E95 播但連絡道路
27%
E16 | E83 横浜新道
26%
E84 西湘バイパス
26%
E46 釜石自動車道
25%
E58 那覇空港自動車道
25%
E93 第二神明道路
25%
E71 関西空港自動車道
24%
E41 能越自動車道
23%
E72 北近畿豊岡自動車道
23%
E81 日光宇都宮道路
23%
E41 | E86 のと里山海道
22%
E65 新空港自動車道
22%
E70 伊豆縦貫自動車道
21%
CA 東京湾アクアライン連絡道
21%
E4A みちのく有料道路
19%
E31 広島呉道路
19%
E63 日高自動車道
19%
E68 東富士五湖道路
19%
E87 知多半島道路
19%
E92 第二阪奈道路
19%
E5A 後志自動車道
18%
E39 旭川紋別自動車道
18%
E5 函館新道
17%
E9 山陰近畿自動車道
17%
E77 九州中央自動車道
17%
E62 深川留萌自動車道
16%
E4A 第二みちのく有料道路
15%
E82 千葉東金道路
15%
E91 南阪奈道路
15%
E2 小郡道路
14%
E4A 百石道路
14%
E14 富津館山道路
14%
E4A 上北自動車道
13%
E5 豊富バイパス
13%
E44 根室道路
13%
E55 徳島南部自動車道
13%
E61 十勝オホーツク自動車道
13%
E84 新湘南バイパス
13%
E60 帯広広尾自動車道
12%
E96 長崎バイパス
12%
E5A 黒松内新道
11%
E50 東水戸道路
11%
E55 高知東部自動車道
11%
E64 津軽自動車道
11%
E80 あぶくま高原道路
11%
E5 名寄美深道路
10%
E34 ながさき出島道路
10%
E76 今治小松自動車道
10%
E10 延岡道路
9%
E38 | E44 釧路外環状道路
9%
E90 堺泉北道路
9%
E94 第二神明北線
9%
E97 日出バイパス
9%
E13 湯沢横手道路
8%
E56 宇和島道路
8%
E59 函館江差自動車道
8%
E71 関西国際空港連絡橋
8%
E75 東広島呉自動車道
8%
E87 中部国際空港連絡道路
8%
E97 大分空港道路
8%
E98 一ツ葉有料道路
8%
E5 幌富バイパス
7%
E10 椎田道路
7%
E10 宇佐別府道路
7%
E56 中村宿毛道路
7%
E56 大洲道路
7%
E10 延岡南道路
6%
E45 八戸久慈自動車道
6%
E61 北見道路
6%
E87 知多横断道路
6%
E5 音威子府バイパス
5%
E5A 倶知安余市道路
5%
E13 院内道路
5%
E50 常陸那珂有料道路
5%
E61 美幌バイパス
5%
E91 大和高田バイパス
5%
E13 尾花沢新庄道路
4%
E29 志戸坂峠道路
4%
E55 阿南安芸自動車道
4%
E76 尾道福山自動車道
4%
E13 福島相馬道路
3%
E13 新庄北道路
3%
E13 泉田道路
3%
E13 金山道路
3%
E13 主寝坂道路
3%
E44 尾幌糸魚沢道路
3%
E45 三陸北縦貫道路
3%
E56 津島道路
3%
E13 新庄金山道路
2%
E13 真室川雄勝道路
2%
E13 横堀道路
2%
E56 窪川佐賀道路
2%
E56 佐賀大方道路
2%
E61 端野高野道路
2%
E56 大方四万十道路
1%
E56 宿毛内海道路
1%
No matching quizzes found
Score Distribution
Percent of People with Each Score
Percentile by Number Answered
Your Score History
You have not taken this quiz